000 01013cam a2200325 4500
008 090401t1996 xxu||||| |||| 00| 0 eng d
020 _a0419222308
035 _a(Sirsi) u72981
041 _aeng
050 _a658.99
110 _aCIB Working Commission 65
_93219
245 4 _aThe organization and management of construction: shaping theory and practice. Volume one. Managing the construction enterprise.
260 _aLondon
_bE & F N Spon
_c1996
300 _axiv,430p. ; 24cm.
350 _a195
520 _aProceedings of the CIB Working Commission 65 held in Glasgow 1996.
650 _aCIB W65
650 _aCOMPETITION
650 _aCONSTRUCTION FIRMS
650 _aCONSTRUCTION INDUSTRY
650 _aFIRMS
650 _aHUMAN RESOURCES
650 _aMARKETING
650 _aORGANISATION AND MANAGEMENT OF CONSTRUCTION
650 _aQUALITY MANAGEMENT
690 _aBUILT ENVIRONMENT
700 _aLangford, D.A. & Retik, A.,
_xEditor
942 _n0
948 _c04/03/1997
999 _c95545
_d95545